000 00692nam a2200241 i 4500
001 bgj
100 1 _aRUSK, Dean
_d(1909- )
245 0 _aAs I saw it /
_cDean Rusk with Richard Rusk and Daniel S. Papp.
260 _aNew York ;
_aLondon :
_bW. W. Norton & Company,
_ccop. 1990.
300 _a672 pp ;
_c25 cm.
505 _aIncludes index.
650 9 _aStatesmen
_aUnited States
650 9 _aForeign relations
_aUnited States
_y1945-
655 _aBiographies
700 1 _aRUSK, Richard
700 1 _aPAPP, Daniel S.
_d(1947- )
020 _a0393026507
040 _cBPK
041 0 _aeng
920 _a0-393-02650-7
942 _cKS
008 s uk f |000 0 eng
999 _c47696
_d47696
856 _uhttp://koha.tu.koszalin.pl/cgi-bin/koha/opac-detail.pl?biblionumber=47696
_yKatalog online BPK